000 01066nam a22003617a 4500
001 BR2011001628
003 BR-BrBNA
005 20230928103623.0
007 ta
008 230509b bl.||||| |||| 00| 0 por d
040 _aBR-BrBNA
_bpor
_cBiblioteca Nacional de Agricultura
041 _a(Por)
072 _aF02
_b1126
090 _ 1126 BR2011001628
100 1 _aAltafin, V.L.
100 1 _aMenezes, M.O.
100 1 _aBassul, P.R.
100 1 _aBardini, T.A.
110 1 _aCentro Regional Universitário de Espírito Santo do Pinhal, SP (Brasil)
_91883
245 1 _aPropagação in vitro do abacaxizeiro: Ananas Comosus
_bBoletim Técnico nº 6
260 3 _aEspírito Santo do Pinhal, SP (Brasil):
_bCreupi,
_c2002.
300 _a13 p.
500 _a4 ref.; 3 illus.; 5 tables
650 _aABACAXI
650 _aANANAS COMOSUS
650 _aPROPAGAÇÃO VEGETATIVA
650 _aINOCULAÇÃO
650 _aENRAIZAMENTO
650 _aPLANTIO
650 _aMICROPROPAGAÇÃO
909 _a202309
_bLucia
_c55
_dLucia Elande
942 _cBK
999 _c75843
_d75843